Principles of financial management

Αποθηκεύτηκε σε:
Λεπτομέρειες βιβλιογραφικής εγγραφής
Κύριος συγγραφέας: Gup, Benton E.
Μορφή: Βιβλίο
Γλώσσα:English
Δημοσίευση: New York : Wiley, c1983
Θέματα:
Ετικέτες: Προσθήκη ετικέτας
Δεν υπάρχουν, Καταχωρήστε ετικέτα πρώτοι!

MARC

LEADER 00000cam a2200000 i 4500
001 1/18765
008 120402s1983 eng d
020 |a 0-471-08194-9 
035 |l 10112185 
040 |a GR-MY-UA  |b gre  |e aacr 
041 0 |a eng 
082 0 |a 658.15  |2 (22) 
100 1 |a Gup, Benton E. 
245 1 0 |a Principles of financial management /  |c Benton E. Gup 
260 |a New York :   |b Wiley,   |c c1983 
300 |a xii, 720, [46] σ.;  |c 24 εκ. 
504 |a Περιέχει ευρετήριο 
650 0 0 |a Business enterprises  |x Finance. 
650 0 0 |a Corporations  |x Finance. 
852 |a INST  |b SAMOS  |e 20120402  |h 658.15 GUP  |p 005300033904  |q 005300033904  |t BK  |y 0 
901 |a BIBL3-2012-1 
909 |a Σ  |b 172150 
970 |a ΓΟΥΒΑΛΑ  |b ΒΑΣΩ  |z 2012/04/02